[Event "Plzen op 4th"]
[Site "Plzen"]
[Date "2012.11.19"]
[Round "2"]
[White "Smirnova, Anastasia"]
[Black "Latas, Boguslaw"]
[Result "1/2-1/2"]
[WhiteElo "2088"]
[BlackElo "2276"]
[PlyCount "90"]
[EventDate "2012.11.18"]
[EventType "swiss"]
[EventRounds "7"]
[EventCountry "CZE"]
[SourceTitle "CBM 151 Extra"]
[Source "ChessBase"]
[SourceDate "2012.12.18"]
[SourceVersion "1"]
[SourceVersionDate "2012.12.18"]
[SourceQuality "1"]

1. d4 g6 2. e4 Bg7 3. Nc3 d5 4. exd5 Nf6 5. Bb5+ Bd7 6. Bc4 0-0 7. Nf3 Bf5 8. 0-0 a6 9. a4 Nbd7 10. a5 Ne8 11. h3 Nd6 12. Bb3 Nf6 13. Re1 Re8 14. Bf4 Nb5 15. Nxb5 axb5 16. Be5 Nxd5 17. Bxg7 Kxg7 18. Re5 c6 19. Bxd5 cxd5 20. c3 f6 21. Re3 Rxa5 22. Rxa5 Qxa5 23. Qe2 Kf7 24. b4 Qb6 25. Ne1 Qc6 26. g4 Bc8 27. Ng2 Qd6 28. Qxb5 Bd7 29. Qxb7 e5 30. Qa7 Kf8 31. Qc5 Qxc5 32. bxc5 Bc6 33. Kf1 Kf7 34. Ne1 e4 35. Nc2 f5 36. gxf5 gxf5 37. f4 Bb5+ 38. Kf2 Ra8 39. Nb4 Bc4 40. Re1 Ra3 41. Re3 Ke6 42. Rg3 Kd7 43. Rg7+ Kc8 44. Rg8+ Kc7 45. Rg7+ Kd8 1/2-1/2

[Event "Brno op 3rd"]
[Site "Brno"]
[Date "2012.11.12"]
[Round "3"]
[White "Latas, Boguslaw"]
[Black "Cherednichenko, Elena"]
[Result "1/2-1/2"]
[WhiteElo "2276"]
[BlackElo "2172"]
[PlyCount "33"]
[EventDate "2012.11.10"]
[EventType "swiss"]
[EventRounds "9"]
[EventCountry "CZE"]
[SourceTitle "CBM 151 Extra"]
[Source "ChessBase"]
[SourceDate "2012.12.18"]
[SourceVersion "1"]
[SourceVersionDate "2012.12.18"]
[SourceQuality "1"]

1. e4 e5 2. Nf3 Nc6 3. Bc4 Bc5 4. b4 Bxb4 5. c3 Ba5 6. d4 d6 7. Qb3 Qd7 8. dxe5 Nh6 9. exd6 cxd6 10. 0-0 0-0 11. Na3 Ne5 12. Nxe5 dxe5 13. Be2 Qc6 14. Nc4 Bc7 15. Qc2 Ng4 16. Ne3 Nxe3 17. Bxe3 1/2-1/2

[Event "Novy Bor op"]
[Site "Novy Bor"]
[Date "2011.02.13"]
[Round "2"]
[White "Cukrowski, Filip"]
[Black "Latas, Boguslaw"]
[Result "1-0"]
[WhiteElo "2023"]
[BlackElo "2285"]
[PlyCount "103"]
[EventDate "2011.02.12"]
[EventType "swiss"]
[EventRounds "9"]
[EventCountry "CZE"]
[SourceTitle "CBM 140 Extra"]
[Source "ChessBase"]
[SourceDate "2011.03.01"]
[SourceVersion "1"]
[SourceVersionDate "2011.03.01"]
[SourceQuality "1"]

1. e4 g6 2. d4 Bg7 3. Nc3 d6 4. f4 a6 5. Nf3 Bg4 6. Be3 Nd7 7. h3 Bxf3 8. Qxf3 c5 9. Qf2 Rc8 10. Be2 Qb6 11. 0-0-0 cxd4 12. Bxd4 Bxd4 13. Qxd4 Qxd4 14. Rxd4 Ngf6 15. Rhd1 Kf8 16. e5 Ne8 17. Ne4 Nc5 18. exd6 Nxd6 19. Nxd6 exd6 20. Rxd6 Kg7 21. Bf3 Rc7 22. g4 Re8 23. f5 Re3 24. f6+ Kh6 25. Rf1 Kg5 26. Bd1 Rd7 27. Rxd7 Nxd7 28. Bf3 Nxf6 29. Bxb7 Rxh3 30. Bxa6 Nxg4 31. Rxf7 h5 32. a4 h4 33. Bb7 Rg3 34. a5 Ne5 35. Rf1 Rg4 36. b3 h3 37. a6 Nd7 38. a7 Nb6 39. a8Q Nxa8 40. Bxa8 h2 41. Bh1 Rg1 42. Rd1 Kf4 43. Kd2 g5 44. Ke2 Ke5 45. Re1 Kd4 46. Kf2 Rg4 47. Bf3 Rh4 48. c4 Kc3 49. c5 Rf4 50. Kg3 Kd2 51. Re2+ Kd3 52. Rxh2 1-0

[Event "Liberec op 10th"]
[Site "Liberec"]
[Date "2009.10.28"]
[Round "6"]
[White "Latas, Boguslaw"]
[Black "Klecker, Tadeas"]
[Result "1/2-1/2"]
[WhiteElo "2293"]
[BlackElo "2147"]
[PlyCount "31"]
[EventDate "2009.10.24"]
[EventType "swiss"]
[EventRounds "9"]
[EventCountry "CZE"]
[SourceTitle "EXT 2010"]
[Source "ChessBase"]
[SourceDate "2010.11.25"]
[SourceVersion "1"]
[SourceVersionDate "2010.11.25"]
[SourceQuality "1"]

1. g3 d5 2. Nf3 c5 3. Bg2 Nc6 4. 0-0 e5 5. d3 Nf6 6. e4 dxe4 7. dxe4 Qxd1 8. Rxd1 Nd4 9. Nxd4 cxd4 10. Bg5 h6 11. Bd2 Be6 12. c3 Bc5 13. cxd4 Bxd4 14. Bc3 Bxc3 15. Nxc3 Ke7 16. Rd2 1/2-1/2

[Event "Liberec op 10th"]
[Site "Liberec"]
[Date "2009.10.27"]
[Round "4"]
[White "Paldus, Petr"]
[Black "Latas, Boguslaw"]
[Result "1/2-1/2"]
[WhiteElo "2025"]
[BlackElo "2293"]
[PlyCount "37"]
[EventDate "2009.10.24"]
[EventType "swiss"]
[EventRounds "9"]
[EventCountry "CZE"]
[SourceTitle "EXT 2010"]
[Source "ChessBase"]
[SourceDate "2010.11.25"]
[SourceVersion "1"]
[SourceVersionDate "2010.11.25"]
[SourceQuality "1"]

1. e4 g6 2. d4 Bg7 3. Nc3 d6 4. Nf3 Nf6 5. Bd3 0-0 6. 0-0 Nc6 7. d5 Nb4 8. Be2 c5 9. a3 Na6 10. h3 Nc7 11. Be3 b5 12. Nxb5 Nxb5 13. Bxb5 Nxe4 14. Bd3 Nf6 15. c4 Rb8 16. b4 cxb4 17. axb4 Rxb4 18. Rxa7 Rb7 19. Ra8 1/2-1/2

[Event "POL-chT 2nd League"]
[Site "Miedzyzdroje"]
[Date "2009.09.18"]
[Round "7"]
[White "Smagalski, Slawomir"]
[Black "Latas, Boguslaw"]
[Result "1/2-1/2"]
[WhiteElo "2003"]
[BlackElo "2293"]
[PlyCount "44"]
[EventDate "2009.09.12"]
[EventType "team-swiss"]
[EventRounds "9"]
[EventCountry "POL"]
[SourceTitle "EXT 2019"]
[Source "ChessBase"]
[SourceDate "2018.10.10"]
[SourceVersion "1"]
[SourceVersionDate "2018.10.10"]
[SourceQuality "1"]
[WhiteTeam "Konin Hetman"]
[BlackTeam "Pawlowice GKS Pniowek 74"]
[WhiteTeamCountry "POL"]
[BlackTeamCountry "POL"]

1. Nf3 Nf6 2. c4 g6 3. g3 Bg7 4. Bg2 0-0 5. 0-0 d6 6. Nc3 e5 7. d3 Nc6 8. Rb1 a5 9. a3 h6 10. b4 axb4 11. axb4 Be6 12. b5 Ne7 13. Bb2 Qd7 14. Ra1 Bh3 15. Qb3 Bxg2 16. Kxg2 Qe6 17. e4 Nh5 18. Rxa8 Rxa8 19. h3 f5 20. Nd5 Nxd5 21. cxd5 Qd7 22. Ra1 Rxa1 1/2-1/2

[Event "POL-chT 2nd League"]
[Site "Miedzyzdroje"]
[Date "2009.09.17"]
[Round "6"]
[White "Latas, Boguslaw"]
[Black "Nguyen, Piotr"]
[Result "1/2-1/2"]
[WhiteElo "2293"]
[BlackElo "2360"]
[PlyCount "40"]
[EventDate "2009.09.12"]
[EventType "team-swiss"]
[EventRounds "9"]
[EventCountry "POL"]
[SourceTitle "EXT 2019"]
[Source "ChessBase"]
[SourceDate "2018.10.10"]
[SourceVersion "1"]
[SourceVersionDate "2018.10.10"]
[SourceQuality "1"]
[WhiteTeam "Pawlowice GKS Pniowek 74"]
[BlackTeam "Milanowek UKS Jedwabnik"]
[WhiteTeamCountry "POL"]
[BlackTeamCountry "POL"]

1. d4 e6 2. g3 Nf6 3. Bg2 c5 4. Nf3 cxd4 5. 0-0 d5 6. Nxd4 e5 7. Nb3 Nc6 8. Bg5 Be6 9. Nc3 d4 10. Ne4 Be7 11. Bxf6 gxf6 12. c3 Qb6 13. cxd4 Rd8 14. d5 Bxd5 15. Nxf6+ Bxf6 16. Bxd5 e4 17. Bxc6+ Qxc6 18. Qe1 Bxb2 19. Rb1 Bc3 20. Qc1 0-0 1/2-1/2

[Event "POL-chT 2nd League"]
[Site "Ustron"]
[Date "2008.09.11"]
[Round "6.19"]
[White "Latas, Boguslaw"]
[Black "Maciejczak, Jakub"]
[Result "0-1"]
[WhiteElo "2299"]
[BlackElo "2344"]
[PlyCount "58"]
[EventDate "2008.09.06"]
[EventType "team-swiss"]
[EventRounds "9"]
[EventCountry "POL"]
[SourceTitle "EXT 2015"]
[Source "ChessBase"]
[SourceDate "2014.11.20"]
[SourceVersion "1"]
[SourceVersionDate "2014.11.20"]
[SourceQuality "1"]
[WhiteTeam "Pawlowice GKS Pniowek 74"]
[BlackTeam "Bydgoszcz Centrum"]
[WhiteTeamCountry "POL"]
[BlackTeamCountry "POL"]

1. e4 c6 2. Nc3 d5 3. Nf3 dxe4 4. Nxe4 Nd7 5. Bc4 e6 6. 0-0 Ngf6 7. Nxf6+ Nxf6 8. d4 Be7 9. c3 0-0 10. Ne5 Qc7 11. Qf3 Bd6 12. Re1 Nd5 13. Bd3 f6 14. Qe4 g6 15. Nf3 b5 16. Bd2 Bd7 17. Rac1 Rae8 18. b3 Bf4 19. Bf1 Bxd2 20. Nxd2 e5 21. c4 bxc4 22. Bxc4 Qd6 23. dxe5 fxe5 24. Rcd1 Rf4 25. Qe3 Rd4 26. Qg3 Kg7 27. Nf3 Rg4 28. Qxe5+ Rxe5 29. Nxe5 Rg5 0-1

[Event "POL-chT 2nd League"]
[Site "Ustron"]
[Date "2008.09.11"]
[Round "5.31"]
[White "Murdzia, Piotr"]
[Black "Latas, Boguslaw"]
[Result "1/2-1/2"]
[WhiteElo "2481"]
[BlackElo "2299"]
[PlyCount "41"]
[EventDate "2008.09.06"]
[EventType "team-swiss"]
[EventRounds "9"]
[EventCountry "POL"]
[SourceTitle "EXT 2015"]
[Source "ChessBase"]
[SourceDate "2014.11.20"]
[SourceVersion "1"]
[SourceVersionDate "2014.11.20"]
[SourceQuality "1"]
[WhiteTeam "Gdynia Korsarz"]
[BlackTeam "Pawlowice GKS Pniowek 74"]
[WhiteTeamCountry "POL"]
[BlackTeamCountry "POL"]

1. e4 d5 2. exd5 Qxd5 3. Nc3 Qd6 4. d4 Nf6 5. Nf3 a6 6. Bd3 g6 7. 0-0 Bg7 8. Ne4 Nxe4 9. Bxe4 0-0 10. c3 Nd7 11. Bg5 Nf6 12. Bc2 b5 13. Re1 Bb7 14. Qe2 Rae8 15. Bxf6 Bxf6 16. Be4 Bxe4 17. Qxe4 c5 18. dxc5 Qxc5 19. a4 Rb8 20. axb5 axb5 21. Ne5 1/2-1/2

[Event "POL-chT 2nd League"]
[Site "Ustron"]
[Date "2008.09.07"]
[Round "2.67"]
[White "Latas, Boguslaw"]
[Black "Gralka, Julian"]
[Result "1/2-1/2"]
[WhiteElo "2299"]
[BlackElo "2268"]
[PlyCount "35"]
[EventDate "2008.09.06"]
[EventType "team-swiss"]
[EventRounds "9"]
[EventCountry "POL"]
[SourceTitle "EXT 2015"]
[Source "ChessBase"]
[SourceDate "2014.11.20"]
[SourceVersion "1"]
[SourceVersionDate "2014.11.20"]
[SourceQuality "1"]
[WhiteTeam "Pawlowice GKS Pniowek 74"]
[BlackTeam "Bydgoszcz Chemik"]
[WhiteTeamCountry "POL"]
[BlackTeamCountry "POL"]

1. Nf3 Nf6 2. g3 d5 3. Bg2 c6 4. 0-0 Bf5 5. d3 e6 6. c4 Be7 7. Qb3 Qb6 8. Nc3 Nbd7 9. Qxb6 Nxb6 10. b3 h6 11. Bb2 0-0 12. Rac1 a5 13. Nb1 Nbd7 14. Ba3 Bxa3 15. Nxa3 Bh7 16. Nb1 Rfe8 17. Nc3 Rad8 18. Rb1 1/2-1/2

[Event "POL-chT 2nd League"]
[Site "Wysowa"]
[Date "2007.09.10"]
[Round "8"]
[White "Gralka, Julian"]
[Black "Latas, Boguslaw"]
[Result "1/2-1/2"]
[WhiteElo "2278"]
[BlackElo "2286"]
[PlyCount "20"]
[EventDate "2007.09.03"]
[EventType "team-swiss"]
[EventRounds "9"]
[EventCountry "POL"]
[SourceTitle "EXT 2010"]
[Source "ChessBase"]
[SourceDate "2010.11.25"]
[SourceVersion "1"]
[SourceVersionDate "2010.11.25"]
[SourceQuality "1"]
[WhiteTeam "Bydgoszcz Chemik"]
[BlackTeam "Pawlowice GKS Pniowek 74"]
[WhiteTeamCountry "POL"]
[BlackTeamCountry "POL"]

1. d4 Nf6 2. c4 g6 3. Nc3 d5 4. cxd5 Nxd5 5. e4 Nxc3 6. bxc3 Bg7 7. Bc4 c5 8. Ne2 0-0 9. 0-0 cxd4 10. cxd4 Nc6 1/2-1/2

[Event "POL-chT 2nd League"]
[Site "Wysowa"]
[Date "2007.09.04"]
[Round "2"]
[White "Latas, Boguslaw"]
[Black "Antoniewski, Rafal"]
[Result "0-1"]
[WhiteElo "2286"]
[BlackElo "2512"]
[PlyCount "82"]
[EventDate "2007.09.03"]
[EventType "team-swiss"]
[EventRounds "9"]
[EventCountry "POL"]
[SourceTitle "EXT 2010"]
[Source "ChessBase"]
[SourceDate "2010.11.25"]
[SourceVersion "1"]
[SourceVersionDate "2010.11.25"]
[SourceQuality "1"]
[WhiteTeam "Pawlowice GKS Pniowek 74"]
[BlackTeam "Dankowice Pasjonat"]
[WhiteTeamCountry "POL"]
[BlackTeamCountry "POL"]

1. Nf3 d5 2. d4 Nf6 3. Bf4 Nh5 4. Bg3 c5 5. Bxb8 Rxb8 6. e3 a6 7. dxc5 Qa5+ 8. Nc3 e6 9. Qd4 Qc7 10. Be2 Bxc5 11. Qe5 Qxe5 12. Nxe5 Nf6 13. Nd3 Ba7 14. 0-0 Ke7 15. Bf3 Bd7 16. Ne2 Rbc8 17. c3 Bb8 18. Nec1 e5 19. Nb4 Be6 20. Rd1 Rhd8 21. Nb3 Ba7 22. h3 Bb6 23. a3 a5 24. Nc2 d4 25. Nd2 dxc3 26. bxc3 Rxc3 27. Ne1 Bc5 28. Bxb7 Rxa3 29. Ne4 Nxe4 30. Bxe4 f5 31. Bc2 Rxd1 32. Rxd1 e4 33. g4 g6 34. gxf5 gxf5 35. Ng2 Ra2 36. Bb1 Rb2 37. Nf4 Bb3 38. Rc1 Kd6 39. Nh5 Bb4 40. Ng3 Ke5 41. f4+ Ke6 0-1

[Event "POL-chT 2nd League"]
[Site "Lublin"]
[Date "2006.09.08"]
[Round "7.31"]
[White "Latas, Boguslaw"]
[Black "Ksieski, Zbigniew"]
[Result "0-1"]
[WhiteElo "2287"]
[BlackElo "2346"]
[PlyCount "94"]
[EventDate "2006.09.02"]
[EventType "team-swiss"]
[EventRounds "9"]
[EventCountry "POL"]
[SourceTitle "EXT 2019"]
[Source "ChessBase"]
[SourceDate "2018.10.10"]
[SourceVersion "1"]
[SourceVersionDate "2018.10.10"]
[SourceQuality "1"]
[WhiteTeam "Pniowek 74"]
[BlackTeam "Lublin Drakon"]
[WhiteTeamCountry "POL"]
[BlackTeamCountry "POL"]

1. e4 c5 2. Nf3 e6 3. d4 cxd4 4. Nxd4 a6 5. Nc3 d6 6. Be3 b5 7. Bd3 Nf6 8. a3 Bb7 9. f4 Nbd7 10. 0-0 Be7 11. Qf3 Nc5 12. b4 Nxd3 13. cxd3 Rc8 14. Rac1 g6 15. Nb3 0-0 16. Na5 Ba8 17. Bd4 Nd7 18. Ne2 Rxc1 19. Rxc1 Nb8 20. Qe3 Qd7 21. Bb2 Bd8 22. Kh1 Nc6 23. Nxc6 Bxc6 24. Qd4 f6 25. Ng3 e5 26. Qc3 Bb7 27. f5 Bb6 28. Rf1 d5 29. fxg6 hxg6 30. Qc1 Kg7 31. Bxe5 Bd8 32. Qf4 dxe4 33. dxe4 Rf7 34. Bb2 Qe6 35. Bc1 g5 36. Qb8 Rd7 37. Bb2 Kg6 38. Qa7 Bxe4 39. Qf2 Bd3 40. Re1 Qc4 41. Qf3 g4 42. Qe3 Re7 43. Qf2 Qf4 44. Qg1 Bb6 45. Rxe7 Bxg1 46. Kxg1 Qd6 47. Re1 Qb6+ 0-1

[Event "POL-chT 2nd League"]
[Site "Lublin"]
[Date "2006.09.06"]
[Round "5.49"]
[White "Latas, Boguslaw"]
[Black "Gralka, Julian"]
[Result "1-0"]
[WhiteElo "2287"]
[BlackElo "2290"]
[PlyCount "63"]
[EventDate "2006.09.02"]
[EventType "team-swiss"]
[EventRounds "9"]
[EventCountry "POL"]
[SourceTitle "EXT 2019"]
[Source "ChessBase"]
[SourceDate "2018.10.10"]
[SourceVersion "1"]
[SourceVersionDate "2018.10.10"]
[SourceQuality "1"]
[WhiteTeam "Pniowek 74"]
[BlackTeam "Bydgoszcz Chemik"]
[WhiteTeamCountry "POL"]
[BlackTeamCountry "POL"]

1. Nf3 d5 2. c4 c6 3. d4 Nf6 4. Nc3 dxc4 5. g3 b5 6. Bg2 Bb7 7. Ne5 Qc8 8. 0-0 e6 9. e4 Nbd7 10. Nxd7 Qxd7 11. e5 Nd5 12. Ne4 f5 13. exf6 gxf6 14. Re1 0-0-0 15. Bd2 Kb8 16. Qc2 Qc7 17. a4 Re8 18. b3 cxb3 19. Qxb3 a6 20. Rec1 Qb6 21. Nc5 Bxc5 22. dxc5 Qd8 23. axb5 axb5 24. Rd1 Qd7 25. Ba5 Qe7 26. Bxd5 exd5 27. Qa3 h5 28. Bd2 h4 29. Re1 Qd7 30. Bf4+ Kc8 31. Qa7 Kd8 32. Qb6+ 1-0

[Event "POL-chT 2nd League"]
[Site "Lublin"]
[Date "2006.09.05"]
[Round "4.31"]
[White "Mickiewicz, Piotr"]
[Black "Latas, Boguslaw"]
[Result "0-1"]
[WhiteElo "2380"]
[BlackElo "2287"]
[PlyCount "67"]
[EventDate "2006.09.02"]
[EventType "team-swiss"]
[EventRounds "9"]
[EventCountry "POL"]
[SourceTitle "EXT 2019"]
[Source "ChessBase"]
[SourceDate "2018.10.10"]
[SourceVersion "1"]
[SourceVersionDate "2018.10.10"]
[SourceQuality "1"]
[WhiteTeam "Koszalin Hetman Politechnika"]
[BlackTeam "Pniowek 74"]
[WhiteTeamCountry "POL"]
[BlackTeamCountry "POL"]

1. e4 c5 2. Nf3 Nc6 3. d4 cxd4 4. Nxd4 e5 5. Nb5 a6 6. Nd6+ Bxd6 7. Qxd6 Qf6 8. Qc7 Qg6 9. Nc3 Nf6 10. f3 0-0 11. Be3 d5 12. Nxd5 Nxd5 13. exd5 Nb4 14. 0-0-0 Bf5 15. Qb6 Nxc2 16. Qxg6 Bxg6 17. Kd2 Rfd8 18. Bc4 Rac8 19. Bb3 Nxe3 20. Kxe3 Kf8 21. Rc1 Ke7 22. h4 Rxc1 23. Rxc1 Kd6 24. Rc4 Bf5 25. Rb4 b5 26. h5 h6 27. a4 Rb8 28. a5 Rc8 29. f4 Kc5 30. Re4 Bxe4 31. Kxe4 exf4 32. d6 Kxd6 33. Kxf4 b4 34. g4 0-1

[Event "POL-chT 2nd League"]
[Site "Lublin"]
[Date "2006.09.04"]
[Round "3.55"]
[White "Latas, Boguslaw"]
[Black "Bator, Robert"]
[Result "0-1"]
[WhiteElo "2287"]
[BlackElo "2400"]
[PlyCount "50"]
[EventDate "2006.09.02"]
[EventType "team-swiss"]
[EventRounds "9"]
[EventCountry "POL"]
[SourceTitle "EXT 2019"]
[Source "ChessBase"]
[SourceDate "2018.10.10"]
[SourceVersion "1"]
[SourceVersionDate "2018.10.10"]
[SourceQuality "1"]
[WhiteTeam "Pniowek 74"]
[BlackTeam "Stara Wies Parnas"]
[WhiteTeamCountry "POL"]
[BlackTeamCountry "POL"]

1. e4 c5 2. Nf3 Nc6 3. Nc3 e5 4. Bb5 a6 5. Bxc6 dxc6 6. d3 Bd6 7. h3 Ne7 8. Qe2 h6 9. Be3 Be6 10. 0-0 g5 11. Nh2 Ng6 12. Qh5 Qe7 13. Ne2 Nf4 14. Bxf4 exf4 15. d4 0-0-0 16. Rad1 f5 17. Nc3 f3 18. exf5 fxg2 19. Rfe1 Bf7 20. Qf3 Qc7 21. Ng4 cxd4 22. Ne4 Bf4 23. Kxg2 h5 24. Ngf6 Rh6 25. Qa3 Be5 0-1